000 00958nam a2200337 a 4500
999 _c2599
_d2599
001 130354
003 GBCCL
005 20241126110433.0
008 970611s1996 caua 001 0 eng d
020 _a0830718214
020 _a9780830718214
035 _a(OCoLC)ocm37048262
035 _a(OCoLC)37048262
040 _aWIR
_cWIR
_dBAKER
_dLBB
049 _aLBBK
050 4 _aBV1536.3
_b.B5 1996
082 _a268.432
_bBIG
090 _aBV1536.3
_b.B5 1996
092 _aJ 221 BIG
245 0 4 _aThe big book of Bible games /
_cChristy Weir, senior editor.
260 _aVentura, CA :
_bGospel Light,
_cc1996.
300 _a208 p. :
_bill. ;
_c28 cm.
500 _aLBB15
500 _aReproducible.
500 _aIncludes index.
650 0 _aGames in Christian education.
_95459
650 0 _aChristian education
_xActivity programs.
_95460
650 0 _aBible games and puzzles.
_91874
700 1 _aWeir, Christy.
_95461
942 _2ddc
_cBK
_01